[Event "Flint (Class C/4)"]
[Site "?"]
[Date "1993.??.??"]
[Round "?"]
[White "Rodriguez, Juan"]
[Black "Mannor, Eric"]
[Result "1-0"]
[WhiteElo "1605"]
[BlackElo "1605"]
[PlyCount "101"]
[EventDate "1993.??.??"]

1. d4 d5 2. Nf3 Bg4 3. Nbd2 e6 4. g3 Nf6 5. Bg2 Nc6 6. O-O Bb4 7. c3 Ba5 8. Re1
O-O 9. e4 dxe4 10. Nxe4 Bb6 11. Bg5 h6 12. Nxf6+ gxf6 13. Bxh6 Re8 14. Qa4 Bf5
15. Nh4 Qd6 16. Nxf5 exf5 17. Bf4 Rxe1+ 18. Rxe1 Qf8 19. Bxc6 bxc6 20. Qxc6 Qd8
21. Qf3 Kg7 22. Qh5 Qh8 23. Qxf5 Qh7 24. Qxh7+ Kxh7 25. Re7 c6 26. Rxf7+ Kg6
27. Re7 Rc8 28. g4 Rh8 29. Kg2 Rf8 30. h4 Rf7 31. h5+ Kg7 32. Rxf7+ Kxf7 33.
Kf3 Bd8 34. Ke4 Be7 35. a3 Bf8 36. Kf5 Be7 37. g5 fxg5 38. Bxg5 Bxg5 39. Kxg5
Kg7 40. f4 a6 41. f5 a5 42. h6+ Kh7 43. Kf6 Kxh6 44. Ke7 c5 45. dxc5 a4 46. f6
Kh7 47. f7 Kg7 48. f8=Q+ Kh7 49. Qf1 Kh8 50. Kf7 Kh7 51. Qh1# 1-0

[Event "Flint (Class C/2)"]
[Site "?"]
[Date "1993.??.??"]
[Round "?"]
[White "Rodriguez, Juan"]
[Black "Lewis, C."]
[Result "0-1"]
[WhiteElo "1605"]
[BlackElo "1605"]
[PlyCount "116"]
[EventDate "1993.??.??"]

1. d4 Nf6 2. c4 e5 3. g3 exd4 4. Qxd4 Nc6 5. Qd1 Bb4+ 6. Bd2 Qe7 7. Nf3 Ne4 8.
Bg2 Nxd2 9. Nbxd2 Qf6 10. a3 Bxd2+ 11. Qxd2 O-O 12. O-O d6 13. Rac1 Rd8 14.
Rfd1 Be6 15. Nd4 Bd7 16. Nxc6 bxc6 17. Qd4 Qe7 18. b4 c5 19. Qe4 Qf6 20. bxc5
Ba4 21. Rd2 dxc5 22. Qe3 Rxd2 23. Bxa8 Rd8 24. Bg2 Qd6 25. Qf4 Qd2 26. Qxd2
Rxd2 27. Rb1 Rd1+ 28. Rxd1 Bxd1 29. Kf1 Kf8 30. Be4 h6 31. Ke1 Bb3 32. Bd3 Ke7
33. Kd2 g5 34. Ke3 Ke6 35. g4 Ke5 36. Kd2 Kf4 37. h3 a5 38. Kc3 Ba4 39. Bc2
Bxc2 40. Kxc2 a4 41. Kd3 c6 42. Kc3 Ke4 43. Kc2 Kd4 44. e3+ Kxc4 45. f4 f6 46.
fxg5 hxg5 47. Kd2 Kb3 48. e4 Kxa3 49. Kc3 Ka2 50. Kc2 a3 51. e5 fxe5 52. h4
gxh4 53. g5 h3 54. g6 h2 55. g7 h1=Q 56. g8=Q+ Qd5 57. Qg1 Qe4+ 58. Kc3 Qd4+
0-1

[Event "East Lansing (MOR/6/14)"]
[Site "?"]
[Date "1993.??.??"]
[Round "?"]
[White "Rodriguez, Juan"]
[Black "Horton, Deon"]
[Result "0-1"]
[WhiteElo "1605"]
[BlackElo "1735"]
[PlyCount "132"]
[EventDate "1993.??.??"]

{6/(14)} 1. d4 Nf6 2. Nf3 g6 3. c4 Bg7 4. Nc3 O-O 5. e4 d6 6. Be2 e5 7. dxe5
dxe5 8. Qxd8 Rxd8 9. Bg5 c6 10. O-O h6 11. Bh4 Nbd7 12. Rad1 Re8 13. Rfe1 g5
14. Bg3 Nh5 15. Rd2 Nf4 16. Bxf4 exf4 17. Nd4 Nc5 18. f3 a5 19. Red1 Rd8 20.
Nb3 Rxd2 21. Rxd2 Ne6 22. a4 b6 23. Bf1 Ba6 24. c5 Bxf1 25. Kxf1 bxc5 26. Rd6
Rb8 27. Nxa5 Rxb2 28. Nd1 Ra2 29. Nxc6 Rxa4 30. Ne7+ Kf8 31. Nf5 Be5 32. Rc6
Ke8 33. Nxh6 Kd7 34. Rb6 c4 35. Nxf7 Bd4 36. Rb5 Kc6 37. Rd5 c3 38. Rd6+ Kc5
39. Nxc3 Bxc3 40. Rxe6 Kd4 41. Rd6+ Ke3 42. Rd1 Ra2 43. Nd6 Rf2+ 44. Kg1 Ke2
45. h3 Be1 46. Rxe1+ Kxe1 47. Nf5 Rf1+ 48. Kh2 Kf2 49. Nh6 Rg1 50. Ng4+ Kf1 51.
h4 Rxg2+ 52. Kh3 Rg3+ 53. Kh2 gxh4 54. Ne5 Kf2 55. Nd3+ Kxf3 56. e5 Kg4 57.
Nf2+ Kf5 58. e6 Kxe6 59. Ne4 Kf5 60. Nd6+ Kg4 61. Ne4 Rh3+ 62. Kg2 f3+ 63. Kg1
Rg3+ 64. Kh1 Kf4 65. Nf2 Rg2 66. Nd3+ Kg3 0-1

[Event "East Lansing (MOR/2/35)"]
[Site "?"]
[Date "1993.??.??"]
[Round "?"]
[White "Rodriguez, Juan"]
[Black "Dohm, F."]
[Result "1-0"]
[WhiteElo "1605"]
[BlackElo "1605"]
[PlyCount "115"]
[EventDate "1993.??.??"]

{2/(35)} 1. d4 d5 2. c4 Nf6 3. Nf3 e6 4. g3 dxc4 5. Qa4+ c6 6. Qxc4 b5 7. Qc2
Nbd7 8. Qxc6 Rb8 9. Bg2 Bb7 10. Qc2 Rc8 11. Qd1 Bd6 12. O-O O-O 13. Nbd2 Re8
14. Re1 e5 15. e4 Qb6 16. Nb3 Bxe4 17. Nxe5 Bxg2 18. Nxd7 Qb7 19. Nxf6+ gxf6
20. Rxe8+ Rxe8 21. Qg4+ Kf8 22. Bh6+ Ke7 23. Re1+ Kd8 24. Rxe8+ Kxe8 25. Qg8+
Ke7 26. Bf8+ Ke6 27. Qg4+ f5 28. Qe2+ Be4 29. Bxd6 Kxd6 30. Nc5 Qd5 31. Nxe4+
fxe4 32. Qd2 Qc4 33. Qf4+ Kd5 34. Qe5+ Kc6 35. Qxe4+ Qd5 36. f3 f5 37. Qxd5+
Kxd5 38. Kf2 Kxd4 39. Ke2 a5 40. h3 b4 41. g4 f4 42. h4 a4 43. h5 Kc4 44. g5
Kd5 45. g6 hxg6 46. h6 a3 47. bxa3 bxa3 48. h7 Kc4 49. h8=Q g5 50. Qg8+ Kc3 51.
Qb3+ Kd4 52. Qb4+ Ke5 53. Kd3 Kf5 54. Qb5+ Kg6 55. Ke4 Kh5 56. Kf5 Kh4 57. Qf1
Kh5 58. Qh3# 1-0

[Event "East Lansing (MOR/4/10)"]
[Site "?"]
[Date "1993.??.??"]
[Round "?"]
[White "Rodriguez, Juan"]
[Black "Calton, David A"]
[Result "0-1"]
[WhiteElo "1605"]
[BlackElo "1750"]
[PlyCount "110"]
[EventDate "1993.??.??"]

{4/(10)} 1. Nf3 g6 2. g3 Bg7 3. Bg2 d6 4. O-O Nc6 5. d4 e5 6. dxe5 Nxe5 7. Nxe5
Bxe5 8. Nd2 Bf5 9. Nc4 c6 10. Nxe5 dxe5 11. Qxd8+ Rxd8 12. e4 Bg4 13. Be3 a6
14. f3 Be6 15. Bb6 Rd2 16. Rf2 Rd7 17. Bf1 Ne7 18. Bd3 Nc8 19. Bc5 b6 20. Ba3
a5 21. b3 Nd6 22. Bb2 f6 23. Rd1 Ke7 24. Rfd2 Rhd8 25. Ba3 c5 26. c4 Nc8 27.
Bc1 Na7 28. Be2 Nc6 29. Rxd7+ Rxd7 30. Rxd7+ Kxd7 31. Bd3 Nd4 32. Kf2 Kc6 33.
Be3 Bc8 34. Bh6 Kd6 35. f4 Bb7 36. fxe5+ fxe5 37. Be3 Bc6 38. Bxd4 cxd4 39. Kf3
Kc5 40. Ke2 Kb4 41. Kd2 Ka3 42. Kc2 Kxa2 43. h3 a4 44. b4 Ka3 45. b5 Bd7 46. g4
h5 47. gxh5 gxh5 48. h4 Bg4 49. Bf1 Kb4 50. Bd3 a3 51. Bf1 a2 52. Kb2 Bf3 53.
Ka1 Kc3 54. c5 d3 55. Bxd3 Kxd3 0-1

[Event "Eastpointe (MI Action/4/28)"]
[Site "?"]
[Date "1993.??.??"]
[Round "?"]
[White "Robinson, B."]
[Black "Whitaker, Deshontae"]
[Result "0-1"]
[WhiteElo "1605"]
[BlackElo "1605"]
[PlyCount "94"]
[EventDate "1993.??.??"]

{4/(28)} 1. d4 Nc6 2. e4 e5 3. dxe5 Nxe5 4. Bf4 Ng4 5. Qxg4 d5 6. Nc3 Bxg4 7.
exd5 Qe7+ 8. Nce2 Bxe2 9. Bxe2 O-O-O 10. O-O-O g5 11. Bg3 Qf6 12. d6 cxd6 13.
Rd3 Bh6 14. Bg4+ Kc7 15. Rc3+ Kb8 16. Ne2 Ne7 17. Rd1 Rhe8 18. Rxd6 Rxd6 19.
Rc7 Kxc7 20. Bxd6+ Kxd6 21. Nc3 Qxf2 22. Ne4+ Ke5 23. Nxf2 f5 24. Be2 g4+ 25.
Kb1 Kf4 26. c4 Ke3 27. Nd1+ Kxe2 28. Nc3+ Kf2 29. b4 Kxg2 30. b5 f4 31. c5 f3
32. Nd1 Kxh2 33. a4 g3 34. Ne3 f2 35. Nf1+ Kg1 36. Nxg3 Bf4 37. c6 bxc6 38. a5
Bxg3 39. bxc6 f1=Q+ 40. Kc2 Nxc6 41. a6 Re2+ 42. Kd3 Qf3+ 43. Kc4 Re4+ 44. Kd5
Qf5+ 45. Kxc6 Re6+ 46. Kb7 Qf7+ 47. Ka8 Re8# 0-1

[Event "Eastpointe (MI Action/3/27)"]
[Site "?"]
[Date "1993.??.??"]
[Round "?"]
[White "Robinson, B."]
[Black "Gilbert, J."]
[Result "0-1"]
[WhiteElo "1605"]
[BlackElo "1605"]
[PlyCount "68"]
[EventDate "1993.??.??"]

{3/(27)} 1. d4 e6 2. e4 Nf6 3. Bg5 h6 4. Bh4 g5 5. Bg3 Nxe4 6. Bf4 gxf4 7. Nf3
Be7 8. Bd3 d5 9. O-O Nc6 10. Nc3 Nxc3 11. bxc3 e5 12. Nxe5 Nxe5 13. dxe5 f6 14.
exf6 Bxf6 15. Re1+ Be7 16. Bg6+ Kf8 17. Qxd5 Qxd5 18. Rad1 Qg5 19. Bd3 b6 20.
Re2 Bb7 21. g3 Qd5 22. Be4 Qxd1+ 23. Kg2 Qxe2 24. Bxb7 Rd8 25. Bf3 Qe6 26. a4
Rg8 27. Bh5 Qe5 28. Kh3 Qxh5+ 29. Kg2 Qg4 30. Kf1 Rd1+ 31. Kg2 Bh4 32. c4 fxg3
33. fxg3 Bxg3 34. hxg3 Qxg3# 0-1

[Event "Eastpointe (MI Action/6/27)"]
[Site "?"]
[Date "1993.??.??"]
[Round "?"]
[White "Robinson, B."]
[Black "Choate, Eric"]
[Result "1-0"]
[WhiteElo "1605"]
[BlackElo "1605"]
[PlyCount "79"]
[EventDate "1993.??.??"]

{6/(27)} 1. e4 e5 2. Nf3 Nc6 3. Bc4 Bc5 4. O-O Nf6 5. d3 d6 6. Bg5 d5 7. exd5
Nxd5 8. Bxd8 Nxd8 9. Re1 Bg4 10. Rxe5+ Ne6 11. Bxd5 O-O 12. h3 Bd6 13. Re4 Bxf3
14. gxf3 Ng5 15. d4 Nxe4 16. fxe4 Rae8 17. e5 Bb4 18. Be4 Re6 19. Qh5 h6 20.
Qf5 g6 21. Qg4 h5 22. Qg5 Kh7 23. d5 Be7 24. Qf4 Rb6 25. d6 cxd6 26. exd6 Bxd6
27. Qf6 Bc7 28. Qe7 Kg7 29. Qxc7 Re8 30. Nc3 Rf6 31. Rd1 Rfe6 32. Rd7 Re5 33.
Rxf7+ Kh6 34. Qd7 R8e6 35. Bd5 Ra6 36. Qd8 Re1+ 37. Kg2 Rb6 38. Be4 Rxb2 39.
Bxg6 Kxg6 40. Qf6# 1-0

[Event "Flint (Class B/2)"]
[Site "?"]
[Date "1993.??.??"]
[Round "?"]
[White "Roberts, Kenneth"]
[Black "Griffin, John"]
[Result "1-0"]
[WhiteElo "1770"]
[BlackElo "1605"]
[PlyCount "79"]
[EventDate "1993.??.??"]

1. d4 d5 2. c4 e6 3. Nf3 Nf6 4. Bg5 Be7 5. e3 b6 6. Nc3 Bb7 7. Rc1 O-O 8. Qc2
h6 9. Bh4 Nbd7 10. cxd5 exd5 11. Bd3 c5 12. O-O Re8 13. Bg3 cxd4 14. Nxd4 Rc8
15. Qe2 Nb8 16. Bf5 Rc5 17. Ncb5 Rf8 18. Nb3 Rxb5 19. Qxb5 Ba6 20. Qa4 Bxf1 21.
Kxf1 Qe8 22. Qxa7 Qb5+ 23. Kg1 Nc6 24. Qb7 Na5 25. Nxa5 Qxb2 26. Nb3 Bc5 27.
Qc7 Ne4 28. Qe5 Qxa2 29. Bxe4 Qxb3 30. Bxd5 Qb4 31. Qc3 Qb5 32. Be5 Rd8 33. Bc4
Qd7 34. Bxg7 Ba3 35. Bxh6 Bf8 36. Bxf8 Kxf8 37. Qh8+ Ke7 38. Qg7 Ke8 39. Qg8+
Ke7 40. Qxf7+ 1-0

[Event "Flint (Class B/5)"]
[Site "?"]
[Date "1993.??.??"]
[Round "?"]
[White "Roberts, Kenneth"]
[Black "Gregory, Kevin"]
[Result "0-1"]
[WhiteElo "1770"]
[BlackElo "1795"]
[PlyCount "72"]
[EventDate "1993.??.??"]

1. d4 d5 2. c4 e6 3. Nc3 f5 4. cxd5 exd5 5. g3 c6 6. Bg2 Nf6 7. Bg5 Be7 8. Nh3
Ne4 9. Bxe7 Qxe7 10. Nf4 O-O 11. e3 Nd7 12. O-O Ndf6 13. Nd3 Bd7 14. Qc2 Rae8
15. Ne2 Qd6 16. Nef4 Re7 17. Ne5 Ng4 18. Nfd3 Qh6 19. Nxg4 fxg4 20. Rae1 Ng5
21. f4 gxf3 22. Qf2 Ne4 23. Qc2 fxg2 24. Qxg2 Rxf1+ 25. Qxf1 Rf7 26. Qe2 Bh3
27. Nf4 g5 28. Qh5 Qxh5 29. Nxh5 h6 30. g4 Bxg4 31. Ng3 Nxg3 32. hxg3 Bf3 33.
Kh2 Be4 34. Kh3 h5 35. Re2 Rf1 36. a3 Rh1+ 0-1

[Event "Troy (TCC/A/3/1)"]
[Site "?"]
[Date "1993.??.??"]
[Round "?"]
[White "Robbins, Fred"]
[Black "Ward, Tim"]
[Result "1-0"]
[WhiteElo "1930"]
[BlackElo "1900"]
[PlyCount "81"]
[EventDate "1993.??.??"]

{3/(1)} 1. Nf3 e6 2. g3 d5 3. Bg2 f5 4. d3 Bd6 5. Nbd2 Nf6 6. O-O O-O 7. c4 c6
8. Qc2 Nbd7 9. Nd4 Ne5 10. N4f3 Nxf3+ 11. Nxf3 Qe7 12. Bd2 e5 13. cxd5 cxd5 14.
Qb3 Kh8 15. Rac1 b6 16. Nh4 Be6 17. a3 Rac8 18. Rxc8 Rxc8 19. Rc1 Bc5 20. Qd1
Ng4 21. e3 f4 22. d4 fxe3 23. dxc5 exd2 24. Qxd2 Rxc5 25. h3 Nf6 26. Nf3 Ne4
27. Qe1 Qf6 28. Rxc5 bxc5 29. Qa5 h6 30. Qxa7 Kh7 31. Qc7 Bxh3 32. Qxe5 Bxg2
33. Kxg2 Qf7 34. a4 g5 35. g4 c4 36. a5 Qa7 37. Qf5+ Kh8 38. Qf8+ Kh7 39. Ne5
Qxf2+ 40. Qxf2 Nxf2 41. Kxf2 1-0

[Event "East Lansing (MI Op/6/30)"]
[Site "?"]
[Date "1993.??.??"]
[Round "?"]
[White "Robbins, Fred"]
[Black "Vaka, Flamur"]
[Result "1/2-1/2"]
[WhiteElo "1930"]
[BlackElo "1710"]
[PlyCount "115"]
[EventDate "1993.??.??"]

{6/(30)} 1. Nf3 e6 2. g3 f5 3. b3 Nf6 4. Bg2 Bc5 5. Bb2 O-O 6. O-O Nc6 7. e3
Be7 8. Nc3 d6 9. Ne2 Qe8 10. d3 Nd7 11. c4 Bf6 12. d4 e5 13. d5 Ne7 14. Nc3 a6
15. Ne2 Nc5 16. Rb1 Qh5 17. b4 Ne4 18. Nc3 Nxc3 19. Bxc3 g5 20. Ne1 Qg6 21. Nc2
Bg7 22. f4 g4 23. Rf2 e4 24. Bxg7 Qxg7 25. Qd4 Bd7 26. Qxg7+ Kxg7 27. Nd4 Kf6
28. Rd2 Rac8 29. Bf1 Rfd8 30. Nb3 Ba4 31. Nd4 Bd7 32. a3 h6 33. b5 axb5 34.
Nxb5 Bxb5 35. Rxb5 b6 36. h3 h5 37. hxg4 hxg4 38. Rh2 Rh8 39. Ra2 Ra8 40. Rb3
Ra4 41. Rh2 Rxh2 42. Kxh2 Ng6 43. Kg2 Nf8 44. Kf2 Nd7 45. Ke1 Nc5 46. Rc3 Ra7
47. Kd1 Ke7 48. Kc1 Ra8 49. Kd1 Rh8 50. Ke1 Rh2 51. Kd1 Rh1 52. Ke2 Rh2+ 53.
Kd1 Rf2 54. Ke1 Rb2 55. Kd1 Ra2 56. Ke1 Kd7 57. Be2 Ke7 58. Bf1 1/2-1/2

[Event "East Lansing (MI Op/4/22)"]
[Site "?"]
[Date "1993.??.??"]
[Round "?"]
[White "Robbins, Fred"]
[Black "Stigter, J."]
[Result "0-1"]
[WhiteElo "1930"]
[BlackElo "2000"]
[PlyCount "46"]
[EventDate "1993.??.??"]

{4/(22)} 1. Nf3 f5 2. b3 d6 3. Bb2 e5 4. d3 Nf6 5. Nbd2 Be7 6. g3 O-O 7. Bg2
Nc6 8. O-O Qe8 9. a3 Qh5 10. e3 f4 11. exf4 exf4 12. Qe1 Bg4 13. Nd4 Nxd4 14.
Bxd4 Rae8 15. f3 Bd8 16. Qf2 fxg3 17. Qxg3 Bd7 18. Rae1 c5 19. Bc3 d5 20. Rxe8
Nxe8 21. Qxg7+ Nxg7 22. Re1 d4 23. Bb2 Bc7 0-1

[Event "Troy (TCC/A/1b/4)"]
[Site "?"]
[Date "1993.??.??"]
[Round "?"]
[White "Robbins, Fred"]
[Black "Lubben, Don"]
[Result "1-0"]
[WhiteElo "1930"]
[BlackElo "1850"]
[PlyCount "73"]
[EventDate "1993.??.??"]

1. Nf3 d5 2. g3 c5 3. Bg2 Nc6 4. O-O e5 5. d3 Be7 6. Nbd2 Be6 7. c3 Qd7 8. Re1
h5 9. h4 O-O-O 10. Qa4 f5 11. Nf1 Nh6 12. Ng5 Bxg5 13. Bxg5 Rdf8 14. b4 a6 15.
bxc5 Nf7 16. f4 Nxg5 17. fxg5 f4 18. gxf4 Rxf4 19. Qc2 Bh3 20. e4 Rxh4 21. Re3
Bxg2 22. Qxg2 Rf4 23. exd5 Nd8 24. Nh2 h4 25. Qh3 Rhf8 26. Rf1 Rxf1+ 27. Nxf1
Rf5 28. Qxh4 Qf7 29. Ng3 Rf2 30. Qg4+ Kb8 31. Rxe5 Rxa2 32. Rf5 Qe7 33. Ne4 Qd7
34. Qf4+ Ka8 35. Rf8 Qxd5 36. Qd6 Qxd6 37. Nxd6 1-0

[Event "Troy (TCC/A/5/1)"]
[Site "?"]
[Date "1993.??.??"]
[Round "?"]
[White "Robbins, Fred"]
[Black "Golonka, Stan"]
[Result "1-0"]
[WhiteElo "1930"]
[BlackElo "1960"]
[PlyCount "149"]
[EventDate "1993.??.??"]

{5/(1)} 1. Nf3 c5 2. g3 Nc6 3. Bg2 e5 4. d3 g6 5. O-O Bg7 6. Nbd2 Nge7 7. Ne4
d6 8. Bg5 h6 9. Bf6 O-O 10. Bxg7 Kxg7 11. Qd2 f5 12. Nc3 Be6 13. e3 Rb8 14. Ne2
Qa5 15. a3 Qxd2 16. Nxd2 b5 17. f4 Rfc8 18. Rfc1 Nd5 19. Kf2 Nf6 20. h3 Rc7 21.
c3 a5 22. d4 e4 23. b3 Rcb7 24. Bf1 Nd7 25. Rab1 c4 26. bxc4 Bxc4 27. Ng1 d5
28. Rb2 a4 29. Rcb1 Na5 30. g4 Bb3 31. Be2 Rc7 32. Nxb3 axb3 33. Bd1 Rxc3 34.
Bxb3 Nxb3 35. Rxb3 Rc2+ 36. Ne2 fxg4 37. hxg4 Nf6 38. Rg1 Rb7 39. g5 hxg5 40.
Rxg5 Kf7 41. Ke1 Ra2 42. Nc3 Ra1+ 43. Kd2 Rh1 44. Nxb5 Rh2+ 45. Kc3 Rb6 46. Kb4
Ra2 47. Kc5 Ra6 48. Nd6+ Ke7 49. Rb7+ Nd7+ 50. Rxd7+ Kxd7 51. Nb5 Re2 52. Rxd5+
Ke7 53. Re5+ Re6 54. Rxe6+ Kxe6 55. d5+ Kd7 56. Kd4 Rb2 57. Nc3 Rb3 58. a4 Rb4+
59. Ke5 Rb3 60. Kd4 Rb4+ 61. Kc5 Rb3 62. Kc4 Ra3 63. Kb4 Ra1 64. Nxe4 Re1 65.
Nc5+ Kd6 66. e4 Rb1+ 67. Kc4 Rc1+ 68. Kd4 Rd1+ 69. Nd3 Ra1 70. e5+ Kd7 71. Nc5+
Ke7 72. d6+ Kd8 73. Kd5 Rf1 74. Kc6 Rd1 75. a5 1-0

[Event "Flint (Class A/5)"]
[Site "?"]
[Date "1993.??.??"]
[Round "?"]
[White "Robbins, Fred"]
[Black "Garrison, Ray"]
[Result "1/2-1/2"]
[WhiteElo "1945"]
[BlackElo "1855"]
[PlyCount "119"]
[EventDate "1993.??.??"]

1. Nf3 f5 2. b3 Nf6 3. Bb2 d6 4. d4 g6 5. g3 Bg7 6. Bg2 c6 7. c4 O-O 8. O-O a5
9. Nc3 Na6 10. e3 Qe8 11. Nd2 e5 12. dxe5 dxe5 13. Na4 e4 14. a3 Be6 15. Bc3 b5
16. cxb5 cxb5 17. Nb6 Rb8 18. Bxa5 Nd5 19. Nxd5 Bxa1 20. Qxa1 Bxd5 21. Qd4 Qe6
22. Bc3 Kf7 23. f3 Rbd8 24. fxe4 Bxb3 25. Qg7+ Ke8 26. Nxb3 Qxb3 27. exf5 Rf7
28. Qe5+ Kd7 29. f6 Nc7 30. Bh3+ Kc6 31. Bd4 Qxa3 32. Bg2+ Kd7 33. Ra1 Qd6 34.
Bh3+ Kc6 35. Rc1+ Kb7 36. Bg2+ Kc8 37. Qxb5 Qe6 38. Bb7+ Kb8 39. Bd5+ Nxb5 40.
Bxe6 Nxd4 41. exd4 Rxf6 42. d5 Kb7 43. Rc5 Rd6 44. Rc2 Kb6 45. Rc1 Kb5 46. Rc7
h6 47. Kg2 Kb6 48. Rh7 g5 49. Rf7 Rg6 50. h3 Kc5 51. g4 Kd4 52. Kg3 Ra6 53. Rf3
Rgxe6 54. dxe6 Rxe6 55. Rf5 Re3+ 56. Kg2 Re2+ 57. Kg3 Ke4 58. Rf8 Re3+ 59. Kg2
Ra3 60. Rf6 1/2-1/2

[Event "Flint (Class A/2)"]
[Site "?"]
[Date "1993.??.??"]
[Round "?"]
[White "Robbins, Fred"]
[Black "Decker, Dale"]
[Result "0-1"]
[WhiteElo "1945"]
[BlackElo "1875"]
[PlyCount "118"]
[EventDate "1993.??.??"]

1. Nf3 g6 2. g3 Bg7 3. Bg2 Nf6 4. O-O O-O 5. d3 d5 6. Nbd2 c6 7. e4 Bg4 8. Qe1
Nbd7 9. h3 dxe4 10. dxe4 Bxf3 11. Bxf3 e5 12. Nb3 Qe7 13. Be3 b6 14. Rd1 Rfd8
15. Bg2 c5 16. Qe2 Rac8 17. Nd2 Nb8 18. Nc4 Nc6 19. c3 b5 20. Na3 a6 21. Nc2 c4
22. Rxd8+ Rxd8 23. Rd1 Bf8 24. a3 Rd7 25. Bg5 Rxd1+ 26. Qxd1 Qd7 27. Qxd7 Nxd7
28. Be3 Bc5 29. f3 Bxe3+ 30. Nxe3 Nc5 31. Bf1 Kf8 32. Kf2 Ke7 33. Ke1 Na4 34.
Nd1 Nd8 35. Kd2 Ne6 36. h4 Ng7 37. g4 h5 38. g5 f6 39. gxf6+ Kxf6 40. Kc2 Nc5
41. Ne3 g5 42. hxg5+ Kxg5 43. Nxc4 bxc4 44. Bxc4 h4 45. b4 h3 46. bxc5 h2 47.
c6 Ne8 48. Bxa6 h1=Q 49. Bb5 Qxf3 50. a4 Qxe4+ 51. Kb2 Nc7 52. Kb3 Qb1+ 53. Kc4
Qb2 54. Kc5 Qa3+ 55. Kb6 Nd5+ 56. Ka6 Qc5 57. a5 Nc7+ 58. Kb7 Nxb5 59. Kc8 Qe7
0-1

[Event "Eastpointe (EDO/5/5)"]
[Site "?"]
[Date "1993.??.??"]
[Round "?"]
[White "Robbins, Fred"]
[Black "Dangremond, Leonard"]
[Result "1-0"]
[WhiteElo "1930"]
[BlackElo "2025"]
[PlyCount "94"]
[EventDate "1993.??.??"]

{5/(5)} 1. Nf3 d5 2. g3 c5 3. Bg2 Nc6 4. O-O Nf6 5. d3 e6 6. Nbd2 Be7 7. c3 O-O
8. Re1 Qc7 9. Nf1 b6 10. Qc2 Bb7 11. e4 dxe4 12. dxe4 Ne5 13. Nxe5 Qxe5 14. Bf4
Qh5 15. Rad1 Rad8 16. Bd2 Rd7 17. e5 Ng4 18. Bxb7 Rxb7 19. Qe4 Rd7 20. f3 Nh6
21. Bxh6 Rxd1 22. Rxd1 Qxh6 23. Rd7 Bd8 24. Qd3 c4 25. Qd4 Bg5 26. f4 Bh4 27.
gxh4 Qxh4 28. Qf2 Qg4+ 29. Qg3 Qf5 30. Qf2 f6 31. exf6 Rxf6 32. Ng3 Rg6 33.
Rxa7 h5 34. Kf1 Qb1+ 35. Qe1 Qxb2 36. Ne2 Qc2 37. Qh4 Qb1+ 38. Kf2 Qe4 39. Qh3
h4 40. Qf3 Qf5 41. Ra8+ Kh7 42. Re8 Qb5 43. Qa8 Qc5+ 44. Nd4 Rf6 45. Rh8+ Kg6
46. Qe8+ Rf7 47. Qxe6+ Rf6 1-0

[Event "Eastpointe (EDO/3/3)"]
[Site "?"]
[Date "1993.??.??"]
[Round "?"]
[White "Robbins, Fred"]
[Black "Chehayeb, Sal"]
[Result "0-1"]
[WhiteElo "1930"]
[BlackElo "2120"]
[PlyCount "150"]
[EventDate "1993.??.??"]

{3/(3)} 1. Nf3 Nf6 2. g3 g6 3. Bg2 Bg7 4. O-O O-O 5. d3 d6 6. Nbd2 e5 7. e4 Be6
8. Re1 Nc6 9. c3 Nh5 10. Nf1 f5 11. Ng5 Qe8 12. Nxe6 Qxe6 13. exf5 Qxf5 14. Qc2
Kh8 15. Ne3 Qd7 16. Qe2 Nf6 17. Nd5 Rf7 18. Nxf6 Bxf6 19. Bd5 Rff8 20. Bh6 Bg7
21. Bxg7+ Kxg7 22. b4 Rab8 23. a4 Rf6 24. Qe3 Rbf8 25. Rf1 b6 26. Ra2 Ne7 27.
Bg2 Nf5 28. Qe4 Qf7 29. Qd5 Ne7 30. Qxf7+ R8xf7 31. Re2 g5 32. d4 Ng6 33. Be4
exd4 34. cxd4 Re7 35. Rfe1 Rfe6 36. Bd3 Nf8 37. Rxe6 Rxe6 38. Rxe6 Nxe6 39. d5
Nf8 40. a5 Kf6 41. axb6 cxb6 42. Ba6 Ke5 43. Bb7 Nd7 44. b5 Nf6 45. Kg2 Nxd5
46. Kf3 Nf6 47. h3 d5 48. Ke3 d4+ 49. Kd3 Nd5 50. Bxd5 Kxd5 51. f4 gxf4 52.
gxf4 h6 53. h4 h5 54. f5 Ke5 55. f6 Kxf6 56. Kxd4 Kf5 57. Kd5 Kg4 58. Kc6 Kxh4
59. Kb7 Kg4 60. Kxa7 h4 61. Kxb6 h3 62. Ka7 h2 63. b6 h1=Q 64. b7 Qa1+ 65. Kb6
Qb2+ 66. Kc6 Qc3+ 67. Kb6 Qb4+ 68. Kc7 Qc5+ 69. Kb8 Kf5 70. Ka8 Qa5+ 71. Kb8
Ke6 72. Kc8 Qc5+ 73. Kb8 Kd7 74. Ka8 Qa5+ 75. Kb8 Kc6 0-1

[Event "Eastpointe (EDO/1a/5)"]
[Site "?"]
[Date "1993.??.??"]
[Round "?"]
[White "Robbins, Fred"]
[Black "Carvell, John"]
[Result "1-0"]
[WhiteElo "1930"]
[BlackElo "1605"]
[PlyCount "113"]
[EventDate "1993.??.??"]

1. Nf3 Nf6 2. g3 d5 3. Bg2 c5 4. O-O Nc6 5. d3 e6 6. Nbd2 Be7 7. e4 O-O 8. exd5
exd5 9. Re1 Bg4 10. h3 Bh5 11. c3 Qc7 12. Qa4 Rae8 13. Nf1 Bd6 14. Bg5 Bxf3 15.
Bxf3 Ne5 16. Qd1 Ned7 17. Kg2 Rxe1 18. Qxe1 Re8 19. Qd2 Re6 20. Re1 Ne5 21. Bd1
d4 22. Nh2 Qe7 23. Bxf6 Qxf6 24. cxd4 cxd4 25. Re4 Nc6 26. Rxe6 Qxe6 27. Bb3
Qe8 28. Nf3 h6 29. Nh4 Kh8 30. Nf5 Bb4 31. Qf4 g5 32. Qc7 Ne5 33. Qxb7 Qc6+ 34.
Qxc6 Nxc6 35. Nxh6 Ne5 36. Nxf7+ Nxf7 37. Bxf7 Kg7 38. Bd5 a5 39. Kf3 Kf6 40.
a3 Bd2 41. Ke4 Bc1 42. b4 axb4 43. axb4 Ba3 44. b5 Bc5 45. Bc4 Bb6 46. Kd5 Kf5
47. Kc6 Ba7 48. b6 Bb8 49. Kd7 Kg6 50. Kc8 Be5 51. b7 Kh5 52. Bf7+ Kh6 53. b8=Q
Bxb8 54. Kxb8 Kg7 55. Bd5 Kf6 56. Kc7 Ke5 57. Be4 1-0

[Event "East Lansing (MI Op/3/17)"]
[Site "?"]
[Date "1993.??.??"]
[Round "?"]
[White "Robbins, Fred"]
[Black "Arganian, David G"]
[Result "1/2-1/2"]
[WhiteElo "1930"]
[BlackElo "2050"]
[PlyCount "98"]
[EventDate "1993.??.??"]

{3/(17)} 1. Nf3 Nf6 2. g3 b6 3. Bg2 Bb7 4. O-O e6 5. d3 d5 6. Nbd2 Nbd7 7. Re1
Bc5 8. c3 a5 9. Qc2 O-O 10. Nf1 Ng4 11. e3 Rc8 12. Bd2 Bd6 13. e4 dxe4 14. dxe4
Bc5 15. Be3 Nxe3 16. Nxe3 Qf6 17. Ng4 Qe7 18. Rad1 Rcd8 19. Ne3 Nf6 20. Nd4 Rd7
21. e5 Nd5 22. Nxd5 Bxd5 23. Bxd5 Rxd5 24. Re4 Rfd8 25. Rd3 Bxd4 26. Rdxd4 c5
27. Rxd5 exd5 28. Re2 Qe6 29. b3 g6 30. Qd3 h5 31. Kg2 h4 32. h3 hxg3 33. fxg3
Kg7 34. Qf3 d4 35. cxd4 cxd4 36. Qd3 Kg8 37. g4 Rd5 38. Re4 Qc6 39. Kg3 Qc7 40.
Kf3 Qc6 41. Ke2 Qd7 42. Kd2 b5 43. h4 b4 44. Qa6 Qe7 45. e6 Kg7 46. Qc4 fxe6
47. Rxd4 Qd6 48. Rxd5 exd5 49. Qd4+ Kh7 1/2-1/2

[Event "East Lansing (MI Op/4/26)"]
[Site "?"]
[Date "1993.??.??"]
[Round "?"]
[White "Rincon, Helio"]
[Black "Moody, David"]
[Result "0-1"]
[WhiteElo "1835"]
[BlackElo "2070"]
[PlyCount "56"]
[EventDate "1993.??.??"]

{4/(26)} 1. Nf3 f5 2. c4 Nf6 3. Nc3 e6 4. d4 d5 5. e3 Bb4 6. Qa4+ Nc6 7. Ne5
Bxc3+ 8. bxc3 Ne4 9. Nxc6 bxc6 10. Qa3 Rf8 11. Be2 Qh4 12. g3 Qh3 13. Bf1 Qh6
14. Bg2 g5 15. Bxe4 fxe4 16. Qc5 Qf6 17. O-O Bd7 18. Ba3 Kf7 19. Rab1 Kg8 20.
Rb7 e5 21. Rxc7 Bh3 22. Qe7 Qxe7 23. Bxe7 Rfb8 24. Rc1 Rb2 25. Bf6 Rab8 26.
Rg7+ Kf8 27. Rxh7 Rb1 28. Rh8+ Kf7 0-1

[Event "East Lansing (MI Op/2/32)"]
[Site "?"]
[Date "1993.??.??"]
[Round "?"]
[White "Rincon, Helio"]
[Black "Levadi, David"]
[Result "0-1"]
[WhiteElo "1835"]
[BlackElo "1940"]
[PlyCount "63"]
[EventDate "1993.??.??"]

{2/(32)} 1. Nf3 Nf6 2. g3 b6 3. Bg2 Bb7 4. O-O g6 5. c4 c5 6. Nc3 Bg7 7. d3 O-O
8. Bf4 Re8 9. e4 Nc6 10. Qd2 d6 11. Rfe1 Nd7 12. Bh6 Nde5 13. Bxg7 Nxf3+ 14.
Bxf3 Kxg7 15. Bg2 Qd7 16. Ne2 e5 17. f4 a6 18. Rf1 f6 19. Nc3 Nd4 20. Nd5 Bxd5
21. exd5 exf4 22. Qf2 f5 23. Rae1 Rxe1 24. Rxe1 Re8 25. gxf4 Re7 26. Qh4 Rxe1+
27. Qxe1 Kf8 28. Kf2 Qa4 29. Kg1 Qe8 30. Qh4 Qe7 31. Qh6+ Kg8 32. Qh3 0-1

[Event "East Lansing (MOR/1b/8)"]
[Site "?"]
[Date "1993.??.??"]
[Round "?"]
[White "Ridella, Dennis"]
[Black "Vangilder, W."]
[Result "1-0"]
[WhiteElo "1700"]
[BlackElo "1605"]
[PlyCount "61"]
[EventDate "1993.??.??"]

1. e4 Nc6 2. d4 d5 3. e5 Bf5 4. Be3 e6 5. Nf3 f6 6. Bb5 a6 7. Bxc6+ bxc6 8.
exf6 Nxf6 9. Nbd2 Nd7 10. c3 Bd6 11. O-O O-O 12. Re1 c5 13. dxc5 Nxc5 14. Nd4
Ne4 15. Nxf5 exf5 16. Nf3 h6 17. Qxd5+ Kh8 18. Qd4 c5 19. Qd1 Qc7 20. h3 Rad8
21. Qa4 c4 22. Nd4 f4 23. Ne6 Qf7 24. Nxd8 Rxd8 25. Bb6 Re8 26. f3 Nf6 27.
Rxe8+ Nxe8 28. Qxa6 Nf6 29. Rd1 Nd5 30. Qa8+ Kh7 31. Qxd5 1-0